| 000 | | | 03977nmc2a22000003x 450 |
| 001 | | | 5e497caf-75a1-4ed1-9f59-85ad53baba25 |
| 005 | | | 20181003102614.0 |
| 100 | ## | $a | 20161209l18121812k l0rusy0189 ca |
| 101 | 0# | $a | rus |
| 102 | ## | $a | RU |
| 200 | 1# | $a | Дело об определении в Дирекцию музыкантом Степана Степанова |
| | $j | июль 1812 г. |
| 251 | ## | $c | Дело |
| 300 | ## | $a | Дело |
| 300 | ## | $a | Ориг. заголовок дела: Дело об определении в музыканты, отпущенного на волю [музыканта] Степана Степанова. Июль 1812 г. - 2 августа 1812 г |
| 801 | #0 | $a | RU |
| | $b | РГИА |
| | $c | 20161209 |
| | $g | RCR |
| 801 | #1 | $a | RU |
| | $b | ГлавНИВЦ |
| | $c | 20161209 |
| | $2 | rusmarc |
| 801 | #2 | $a | RU |
| | $b | ПБ им. Б.Н. Ельцина |
| | $c | 20181003 |
| | $g | RCR |
| | $2 | rusmarc |
| 850 | ## | $a | РГИА |
| 852 | ## | $a | РГИА |
| | $e | Федеральное казенное учреждение "Российский государственный исторический архив" (РГИА) |
| | $j | 1031 |
| 937 | ## | $h | РГИА |
| | $d | 12235095 |
| | $a | ASBIBLIO_SCAN |
| 462 | #0 | $1 | 001dd3991dc-24e1-42ec-8838-ca4255420416 |
| | $1 | 2001 |
| | $a | 1746-1850 гг. |
| | $1 | 251 |
| | $c | Опись |
| | $1 | 852 |
| | $j | 1 |
| 461 | #0 | $1 | 0019264ebf8-de62-4f1a-9eb4-9f22098dbbd5 |
| | $1 | 2001 |
| | $a | Дирекция императорских театров МИДв |
| | $1 | 251 |
| | $c | Фонд |
| | $1 | 852 |
| | $j | 497 |
| 215 | ## | $a | 5 л. |
| | $d | 36,5х26 см |
| 371 | ## | $a | Документ не является опубликованным и широко распространяемым |
| 105 | ## | $a | y### |
| 122 | 2# | $a | d |
| 517 | 1# | $a | Дело об определении в музыканты, отпущенного на волю [музыканта] Степана Степанова. Июль 1812 г. - 2 августа 1812 г |
| 035 | ## | $a | 5e497caf-75a1-4ed1-9f59-85ad53baba25 |
| 856 | ## | $u | http://readingroom.main.prlib.ru/item.aspx?id_node=n118830681&mode=full |